| 000 | 00746nam a2200217Ia 4500 | ||
|---|---|---|---|
| 003 | GCL | ||
| 008 | 140319s9999 xx 000 0 ara d | ||
| 040 |
_aGCL / _cGCL |
||
| 082 | 0 | 4 |
_a635 _bس أ |
| 100 | 1 | _aسناء مرسى العربى | |
| 245 | 1 | 0 |
_aاساسيات الخضر : _bالتطبيقات العملية والتكنولوجية / _cسناء مرسى العربى |
| 700 | 1 | _aابراهيم محمد غنيم | |
| 260 |
_aالقاهرة : _bمكتبة بستان المعرفة ، _c2004 |
||
| 300 |
_a141 ص ؛ _c24 سم |
||
| 650 | 0 | 4 | _aالزراعة |
| 650 | 0 | 4 | _aالمحاصيل الزراعية |
| 650 | 0 | 4 | _aالخضروات |
| 650 | 0 | 4 | _aالاغذية |
| 650 | 0 | 4 | _aالخضروات - زراعة |
| 942 |
_2ddc _cBK |
||
| 999 |
_c6254 _d6254 |
||